[Event "RUS-chT 11th"]
[Site "Sochi"]
[Date "2004.04.22"]
[Round "3.4"]
[White "Beliavsky, Alexander G"]
[Black "Beletsky, Alexey"]
[Result "1-0"]
[WhiteElo "2667"]
[BlackElo "2393"]
[Annotator "Krasenkow,M"]
[PlyCount "47"]
[EventDate "2004.04.20"]
[EventType "team-tourn"]
[EventRounds "9"]
[EventCountry "RUS"]
[SourceTitle "EXT 2020"]
[Source "ChessBase"]
[SourceDate "2019.10.17"]
[SourceVersion "1"]
[SourceVersionDate "2019.10.17"]
[SourceQuality "1"]
[WhiteTeam "Ekaterinburg Max Ven"]
[BlackTeam "Tomsk Siberian Athens-Neftekhim"]
[WhiteTeamCountry "RUS"]
[BlackTeamCountry "RUS"]

1. d4 Nf6 2. c4 g6 3. Nc3 d5 4. Bf4 Bg7 5. Rc1 dxc4 6. e4 O-O $6 {Too passive.}
(6... c5 {is the normal move and if} 7. d5 {then} b5 $1) 7. Bxc4 c5 8. d5 (8.
dxc5 {is harmless:} Qa5 9. Nge2 $6 Nxe4 10. O-O Nxc3 11. Nxc3 Nc6 12. Qe2 Qxc5
13. Nd5 e5 14. Bg5 Qd4 15. Rfd1 Bg4 $1 16. Rxd4 Bxe2 17. Re4 Bxc4 18. Rexc4 f6
$17 {1/2-1/2 Zude,E-Pribyl,M/Germany 2000/CBM 75 ext (43)}) 8... a6 9. Be2 {
preventing eventual ...Nh5} b5 10. e5 Nfd7 11. Nf3 $16 {Black has no
compensation for White's pawn center.} Bb7 12. O-O Nb6 13. d6 exd6 14. exd6 b4
{Black should rather think about his development:} (14... Re8) (14... N8d7) 15.
Na4 Nxa4 16. Qxa4 Nd7 17. Bg5 $1 f6 $2 (17... Qe8 18. Be7 Bxb2 {, obtaining a
pair of bishops and some counterplay for the exchange, was a better option
than weakening the kingside.}) ({On the contrary, after} 17... Bf6 $6 18. Bxf6
Nxf6 19. Rxc5 Qxd6 20. Qxb4 {Black has no sufficient compensation for the pawn.
}) 18. Be3 {[%csl Rg7]} Re8 19. Rfd1 Kh8 20. Qb3 Qb6 21. Nd2 Qxd6 $2 {Loses at
once but after, say,} (21... Bc6 {Black's position is very difficult anyway.})
22. Nc4 {A consequence of 14...b4!} Qe7 ({Or} 22... Qe6 23. Nd6 Qxb3 24. axb3
Rxe3 $8 25. fxe3 Bc6 26. Bf3 $1 {and White easily wins.}) 23. Nd6 Bc6 $2 24.
Nf7+ 1-0

[Event "VISA Nordic GP Final"]
[Site "Gentofte"]
[Date "1999.08.11"]
[Round "5"]
[White "Gretarsson, Helgi Ass"]
[Black "Schandorff, Lars"]
[Result "0-1"]
[WhiteElo "2521"]
[BlackElo "2514"]
[Annotator "Krasenkow,M"]
[PlyCount "54"]
[EventDate "1999.08.05"]
[EventType "tourn"]
[EventRounds "13"]
[EventCountry "DEN"]
[EventCategory "9"]
[SourceTitle "CBM 073"]
[Source "ChessBase"]
[SourceDate "1999.12.01"]
[SourceVersion "1"]
[SourceVersionDate "1999.12.01"]
[SourceQuality "1"]

1. d4 Nf6 2. c4 g6 3. Nc3 d5 4. Bf4 Bg7 5. e3 c5 6. dxc5 Qa5 7. Rc1 dxc4 8.
Bxc4 O-O 9. Nge2 {This move is connected with completely different ideas,
copating to 9.Nf3. Still, it's too passive and yields Black good counterplay.}
Qxc5 10. Qb3 (10. Nb5 $5 {is another option for White:} Qb4+ (10... Be6 {
,quite playable in case of 9.Nf3, now doesn't work due to} 11. Qb3 $18 {
threatening 12.Bxe6 as the c1 pawn is protected!}) 11. Kf1 a6 $1 (11... Ne8 12.
a3 Qxb2 13. Rc2 Qf6 14. Bxf7+ Qxf7 15. Rxc8 e5 16. Bg3 Qe6 17. Rxe8 Qxe8 18.
Nc7 Qf7 19. Nxa8 Nc6 20. h3 Rxa8 21. Kg1 $11 {Inkiov,V-Rytshagov,M/Ano Liosia
op 1993/1/2-1/2 (40)}) (11... Ne4 12. a3 Nd2+ 13. Kg1 Qxb2 14. Rc2 Nxc4 15.
Rxb2 Nxb2 16. Qc2 Na6 17. Nbd4 e5 18. Qxb2 Nc5 19. h4 Nd3 20. Qb5 Nxf4 21. Nxf4
exf4 22. h5 fxe3 23. fxe3 Bg4 $44 {1-0 De Firmian,N-Wolff,P/New York op 1987 
(33)}) (11... Na6 12. a3 Qa5 13. b4 Qd8 14. Qxd8 Rxd8 15. Nbd4 Nh5 16. Bg5 Kf8
17. f3 h6 18. Bh4 g5 19. g4 gxh4 20. gxh5 Bh3+ 21. Kf2 {1-0 Soln,P-Skok,J/
Ljubljana op 1993 (39)} Rac8 $11) 12. a3 Qxb2 13. Rb1 Qxb1 14. Qxb1 axb5 15.
Bxb5 Rxa3 16. Qb2 $8 (16. Bxb8 $2 Ne4 17. Qe1 Ra1 18. Nc1 Bb2 $19 {Dydyshko,V})
16... Ra8 17. Be5 Nc6 18. Bxc6 bxc6 19. h3 $15 {1/2-1/2 Dydyshko,V-Begun,S/
USSR 1990}) 10... Nc6 {The most natural move. Alternatives are:} (10... e5 $6
11. Bg5 Nc6 12. Bxf6 (12. Qb5 Qxb5 13. Bxb5 Bd7 14. O-O Rac8 15. Bxf6 Bxf6 16.
Ne4 Be7 17. Nc5 Bxc5 18. Rxc5 b6 19. Rc3 Nb8 {1/2-1/2 Lima,D-Wittmann,W/
Thessaloniki olm 1988 (27)}) 12... Bxf6 13. Ne4 Qe7 14. N2c3 Bg7 15. Qa4 Kh8
16. O-O f5 17. Nd5 Qd8 18. Nc5 Na5 19. Rfd1 Nxc4 20. Qxc4 b6 21. Na6 Bb7 22.
Ndc7 Qg5 23. Qf1 f4 24. Ne6 {Hoang Than Trang-Piankov,E/Budapest FS05 IM 1994/
1-0 (52)}) (10... Qa5 11. O-O Nbd7 (11... Nc6 12. Rfd1 Nh5 13. a3 Nxf4 14. Nxf4
e6 15. Be2 Rd8 16. Nd3 Bd7 17. Ne4 Qc7 18. Nec5 Rab8 19. Qa2 Be8 $11 {Kraidman,
Y-Schmidt,W/Nica (ol) 1974/1/2-1/2 (77)}) (11... Na6 12. Nd5 Nxd5 13. Bxd5 Nc5
14. Qc4 Ne6 15. b4 Qb6 16. Bg3 Bd7 17. Qb3 Rac8 $11 {0-1 Klimek,W-Christ,R/
Bargteheide op 1989 (28)}) 12. Rfd1 Nc5 (12... a6 13. a4 Ne5 14. Nd5 $1 Nxc4
15. Nxe7+ Kh8 16. Nxc8 Nxe3 17. Bxe3 Raxc8 18. Rxc8 Rxc8 19. Qxb7 $16 {
Timoshenko,G-Pelletier,Y/Open, Ubeda ESP 1998/1-0 (35)}) 13. Qb5 Qxb5 14. Nxb5
Be6 $1 15. Be5 (15. Nc7 Bxc4 16. Rxc4 Rad8 {Lagunow}) 15... Bxc4 16. Rxc4 Ne6
17. f3 a6 18. Nbd4 Rfd8 {1/2-1/2 Lagunow,A-Konopka,M/BL2-N 1994}) 11. Nb5 {
Starting an attack but White's development is insufficient for such an action.}
Qh5 12. Ng3 (12. Nc7 {doesn't succeed:} Rb8 13. Nd5 (13. Bxf7+ $2 Rxf7 14. Rxc6
Qa5+ 15. Nc3 (15. Rc3 Nh5 16. Na6 Nxf4 17. Nxb8 Be6 18. Qxb7 Nxe2 19. Kxe2 Bxc3
$19 {Hoang Than Trang-Hjelm,N/Budapest FS06 IM 1993/0-1 (56)}) (15. Qc3 Qxc3+
16. Rxc3 Nh5 $1 $17) 15... e5 $1 {/\ 16... bc6, 16... ef4} (15... Ne4 16. N7d5
Nxc3 17. Nxe7+ $2 (17. Rxc3 $1 Be6 18. Bxb8 Bxd5 $17) 17... Kf8 18. Rxc3 Bxc3+
19. bxc3 Rxf4 $1 20. exf4 Kxe7 21. O-O Be6 $19 {0-1 Zlochevskij,A-Krasenkow,M/
USSR 1989 (35)}) 16. Rxf6 Bxf6 17. Ne8 exf4 18. Nxf6+ Kf8 $19) (13. Na6 Qa5+
14. Nc3 Ra8 15. Nc7 e5 $1 $17) 13... e5 14. Nxf6+ Bxf6 15. Bg3 Na5 $15) {
With the intermediate text move White prevents Qa5+ but his f4 bishop is now
in danger.} 12... Qh4 {[%csl Rf4]} 13. Nc7 g5 $5 {An important novelty.} (13...
e5 {leads to unclear complications after} 14. Bxe5 ({but not} 14. Bh6 $2 Bxh6
15. Nxa8 Ng4 16. Nc7 Nd4 $1 17. Qa3 Nf5 18. Nd5 Ngxe3 19. Nxe3 Bxe3 20. Bxf7+
Kxf7 21. Qb3+ Kf6 22. fxe3 Nxg3 $19 23. Rc4 Qh5 24. Qd3 Be6 25. Rg1 Bxc4 26.
Qxc4 Qxh2 {0-1 Piskov,Y-Dvoirys,S/RUS-chT Podolsk 1992}) 14... Nxe5 15. Nxa8
Bd7 $44) 14. Nf5 $2 {This is not a good idea. A crucial position arises after}
(14. Bxg5 Qxg5 15. Nxa8 Bd7 16. Qxb7 Rb8 (16... Qa5+ 17. b4 Nxb4 18. O-O Bc6
19. Qc7) 17. Qc7 (17. Ne4 Qxg2 18. Nxf6+ Bxf6 19. Qxd7 Qxh1+ 20. Bf1 Ne5 $19)
17... Rxa8 18. Ba6 $13) 14... Bxf5 15. Bg3 Nd4 $1 {A powerful counterblow.
White's delay in development leads now to tragic consequences. The queen
retreats were much weaker:} (15... Qh5 16. Nxa8 Rxa8 (16... Na5 17. Qb5 Nxc4
18. Qxf5) 17. Qxb7 Rc8 18. Be2) ({or} 15... Qh6 16. Nxa8 Rxa8 17. Qxb7 Rc8 18.
Bb5 {, both favourable for White.}) 16. exd4 (16. Qxb7 $2 Rab8 $1 17. Qxb8 (17.
Qxa7 Qe4 18. Qxd4 Qxg2 19. Rf1 Ne4 $40) 17... Nc2+ 18. Rxc2 Rxb8 19. Bxh4 Bxc2
20. Bxg5 Ne4 21. Bxe7 Rxb2 22. O-O Nd2 $19) (16. Qd1 Qe4 $17) 16... Qe4+ 17.
Kf1 Rac8 $19 {[%csl Rh1] Now White is practically a rook(h1) down, so the game
is over.} 18. Rd1 (18. Re1 Qxd4 19. Rxe7 Ne4 20. Kg1 Qc5 21. Rxf7 Rxf7 22.
Bxf7+ Kh8 23. Qd1 Nxg3 $19) 18... Qc6 19. Bb5 (19. d5 Qb6 20. Qxb6 axb6 {
[%cal Rf6e4]} 21. d6 exd6 22. Nd5 (22. Bxd6 Rfd8) 22... Nxd5 23. Bxd5 Bc2 24.
Rd2 Rfe8 25. f3 Bd3+ 26. Rxd3 Rc1+ 27. Kf2 Rxh1 $19) 19... Qb6 20. Bc4 Qa5 (
20... Ne4 $6 21. Qxb6 axb6 22. Nd5) 21. Qb5 Qxb5 22. Bxb5 Rfd8 23. Bc4 (23. Ba4
Ne4) 23... e6 (23... Rd7 24. Rc1 Ne4 $19) 24. d5 Ne4 25. d6 Rxc7 26. dxc7 Rxd1+
27. Ke2 Rd2+ (27... Rd2+ 28. Ke1 e5 $19) 0-1

[Event "USA-ch"]
[Site "Seattle"]
[Date "2003.01.18"]
[Round "9"]
[White "Nakamura, Hikaru"]
[Black "Shahade, Gregory P"]
[Result "1-0"]
[WhiteElo "2520"]
[BlackElo "2452"]
[Annotator "Krasenkow,M"]
[PlyCount "93"]
[EventDate "2003.01.09"]
[EventType "swiss"]
[EventRounds "9"]
[EventCountry "USA"]
[SourceTitle "CBM 093"]
[Source "ChessBase"]
[SourceDate "2003.04.01"]
[SourceVersion "1"]
[SourceVersionDate "2003.04.01"]
[SourceQuality "1"]

1. d4 Nf6 2. c4 g6 3. Nc3 d5 4. Bf4 Bg7 5. e3 c5 6. dxc5 Qa5 7. Rc1 dxc4 8.
Bxc4 O-O 9. Nge2 Qxc5 10. Qb3 Qh5 (10... Nc6 11. Nb5 Qh5 {is the most popular
move order. See games Dreev-Svidler and Tregubov-Oral in CBM92.}) 11. Nb5 Na6 {
This attempt to avoid the main line} (11... Nc6) {is hardly appropriate as
this knight will have problems entering the game.} 12. Ng3 {This knight will
have to retreat.} (12. O-O $142 g5 13. Bg3 Ne4 14. Rfd1 Nec5 15. Qa3 Be6 16. f3
Qg6 17. Bxe6 Nxe6 18. Nec3 Rfe8 19. Nd5 Bf8 20. b4 $16 {1-0 Agdestein,S-Bae,T/
Roros 2002/CBM 89 ext (27)}) 12... Qh4 13. Nd4 Nd7 14. Bxa6 bxa6 {White has
damaged Black's pawn structure but, as often happens, a pair of bishops
guarantees Black a sufficient compensation.} 15. Nge2 e5 16. Bg3 Qf6 17. Nc6
Re8 18. O-O Nb6 19. Rfd1 Bd7 (19... Bg4 $142 $1 20. f3 Bd7) 20. Qc3 Rac8 21.
Bxe5 Rxe5 22. Qxe5 Qxe5 23. Nxe5 Rxc1 24. Rxc1 Bxe5 {[%mdl 4096] An
approximately equal ending has arisen.} 25. b3 Kf8 26. f3 Ke7 27. Kf2 Kd6 28.
e4 f6 29. Ke3 a5 30. f4 Bb2 31. Rc2 Ba3 32. Kd4 a4 33. e5+ fxe5+ 34. fxe5+ Ke7
35. Nf4 axb3 36. axb3 a5 37. g3 a4 {Black only thinks of a draw but it was
better to make White take care of it:} (37... g5 $5 38. Ra2 Bb4 39. Nd3 Be6 40.
Nxb4 axb4 41. Ra7+ Nd7 42. Rb7 Bxb3 43. Rxb4 $11) 38. bxa4 Bxa4 (38... Nxa4 {
was much simpler.}) 39. Rc7+ Bd7 40. Rb7 {Black probably missed this move
hoping for} (40. e6 Kd6 41. Rxd7+ Nxd7 42. exd7 Kxd7 $11) 40... g5 $2 {Panic
on move 40!} ({After} 40... Bb2+ {Black was still out of danger:} 41. Kc5 (41.
Kd3 Na4) (41. Ke4 Nc4) 41... Na4+ 42. Kd5 Nc3+ 43. Kc4 Nb5 $11) 41. Rxb6 gxf4
42. gxf4 {Now, with two connected passed pawns, White gradually wins
especially as Black helps him a lot.} Bf5 43. Kd5 Bc1 44. Rb7+ Ke8 $6 (44...
Kd8 $142 45. h4 $1 $18 {_|_} ({but not} 45. e6 Bxf4 46. Rd7+ Kc8 $1 47. Rf7
Bxe6+ 48. Kxe6 Bxh2)) 45. e6 h5 $2 {Resistance could be continued by} (45...
Bxf4 46. Rf7 Bxh2 47. Rxf5 Bg3 {although this endgame is theoretically winning
for White.}) 46. Ke5 Bg4 47. f5 1-0

[Event "Reykjavik Hrokurinn"]
[Site "Reykjavik"]
[Date "2003.02.22"]
[Round "5"]
[White "Gretarsson, Helgi Ass"]
[Black "Sokolov, Ivan"]
[Result "1/2-1/2"]
[WhiteElo "2516"]
[BlackElo "2688"]
[Annotator "Krasenkow,M"]
[PlyCount "95"]
[EventDate "2003.02.18"]
[EventType "tourn"]
[EventRounds "9"]
[EventCountry "ISL"]
[EventCategory "15"]
[SourceTitle "CBM 094"]
[Source "ChessBase"]
[SourceDate "2003.05.26"]
[SourceVersion "1"]
[SourceVersionDate "2003.05.26"]
[SourceQuality "1"]

1. d4 Nf6 2. c4 g6 3. Nc3 d5 4. Bf4 Bg7 5. e3 c5 6. dxc5 Qa5 7. Rc1 Ne4 8. cxd5
Nxc3 9. Qd2 Qxa2 10. bxc3 Qa5 11. e4 {An unusual, quite risky plan. White
starts immediately moving his pawns, not scared of Black's passed a-pawn.} (11.
Bc4 {[%cal Yc4a2] and}) (11. Nf3 {are main theoretical moves.}) 11... Nd7 12.
c4 $6 Qxd2+ 13. Kxd2 Nxc5 {[%mdl 4096]} 14. Re1 a5 {Quite a logical attempt to
push the a-pawn as far as possible.} (14... e5 $5 {, to create a dark-square
blockade, is the other possible plan for Black, looking, however, less
promising.}) 15. Nf3 a4 16. Bd3 a3 17. Bc2 a2 18. Be5 Bxe5 19. Nxe5 O-O 20. f3
$6 {Losing tome, White gets into trouble.} (20. Nd3 $5 Nxe4+ 21. Rxe4 a1=Q 22.
Rxa1 Rxa1 23. Rxe7 $44 {White should not lose here.}) 20... f5 $1 {Logically
played. As the a2 pawn distracts the white pieces from the k-side, Black opens
up a second front.} 21. Nd3 Nxd3 22. Bxd3 fxe4 23. Bxe4 Bf5 24. Bxf5 Rxf5 25.
Ra1 b5 26. Rhd1 $6 {White is in danger and must play very carefully. The text
move gives Black good winning chances.} (26. Kc3 $5 bxc4 (26... Rg5 27. g3) 27.
Rhd1 Ra3+ $1 28. Kb2 $1 (28. Kb4 Rb3+ 29. Kxc4 Rb2 $17) 28... Rb3+ 29. Kc1)
26... Rg5 $1 (26... Ra3 27. Kc1 $1 bxc4 28. Kb2) 27. g3 (27. g4 bxc4 28. Kc3
Ra3+ 29. Kxc4 Rxf3 $17) 27... Ra3 {[%cal Ga3f3]} 28. Kc1 bxc4 29. f4 Rh5 30.
Rd2 Rc3+ 31. Kb2 Rd3 32. Rc2 c3+ $2 {This lets Black's chances slip.} ({
A difficult move} 32... e6 $3 33. Rxa2 (33. Rxc4 Rxh2+ 34. Rc2 Rxc2+ 35. Kxc2
Rxg3 36. dxe6 Kf8 $19) (33. dxe6 Rb5+ 34. Kc1 (34. Kxa2 Ra5+ $19) 34... Rb1+ $1
35. Rxb1 Rd1+) 33... exd5 34. Ra7 Rf5 {gave Black, with two connected passed
pawns, excellent chances to win.}) 33. Kb3 Rd2 34. Raxa2 Rhxh2 35. Kxc3 Rxc2+
36. Rxc2 Rxc2+ 37. Kxc2 $11 Kf7 38. Kd3 Kf6 39. Kd4 (39. Ke4 {was good enough:}
h5 (39... h6 40. g4 h5 41. Kf3) 40. Ke3 Kf5 41. Kf3 g5 42. fxg5 Kxg5 43. Ke4 $1
Kg4 44. Ke5 $11) 39... h6 40. Kc5 g5 41. fxg5+ hxg5 42. Kc6 Ke5 43. Kd7 Kxd5
44. Kxe7 Ke5 45. Kf7 Kf5 46. Kg7 Kg4 47. Kg6 Kxg3 48. Kxg5 1/2-1/2

[Event "EU-ch 4th"]
[Site "Istanbul"]
[Date "2003.06.11"]
[Round "11"]
[White "Lastin, Alexander"]
[Black "Neverov, Valeriy"]
[Result "1/2-1/2"]
[WhiteElo "2632"]
[BlackElo "2583"]
[Annotator "Krasenkow,M"]
[PlyCount "61"]
[EventDate "2003.05.30"]
[EventType "swiss"]
[EventRounds "13"]
[EventCountry "TUR"]
[SourceTitle "CBM 096"]
[Source "ChessBase"]
[SourceDate "2003.09.25"]
[SourceVersion "1"]
[SourceVersionDate "2003.09.25"]
[SourceQuality "1"]

1. d4 Nf6 2. c4 g6 3. Nc3 d5 4. Bf4 Bg7 5. e3 c5 6. dxc5 Qa5 7. Qa4+ Qxa4 8.
Nxa4 Bd7 9. Nc3 Bc6 {A fresh move order, instead of the theoretical lines} (
9... dxc4 {and}) (9... Ne4) 10. Nf3 O-O (10... Nbd7 11. O-O-O dxc4 12. Ne5 $13
{1-0 Elsness,F-Kolas,T/NOR 1998/EXT 99 (43)}) 11. Rc1 (11. Ne5 dxc4 12. Bxc4
Bxg2 13. Rg1 Bc6 $11) 11... dxc4 12. Bxc4 Nbd7 {A typical position has arisen,
where Black tries to regain material using his development advantage.} 13. b4
a5 14. a3 axb4 15. axb4 Nh5 (15... Bxf3 16. gxf3 Nh5 {was more accurate.}) 16.
O-O (16. Nd5 Nxf4 17. exf4 {was possible now, although after} Kh8 $1 18. Nd2
Rfd8 19. Ke2 e6 20. Ne3 b5 {Black's bishop pair compensates his material
deficit.}) 16... Nxf4 17. exf4 Bxf3 (17... e6 $6 18. Nd2 Nf6 19. b5 Bd5 20.
Bxd5 exd5 21. Nb3 Ra3 22. Nd4 Rc8 23. c6 bxc6 24. Nxc6 Kf8 25. Rfd1 $16 {
1/2-1/2 McMaster,R-White,I/Torquay 2002/CBM 91 (28). (27)}) 18. gxf3 {Of
course, with his triple pawns White can hardly make use of his material
advantage. Black should, however, defend carefully as White's queenside pawns
are very strong.} Ra3 19. Ne2 Nf6 20. Kg2 e6 21. Rfd1 Nh5 (21... Rfa8 $5 22. b5
Kf8 {[%cal Yf8e7]}) 22. Rd6 Re8 23. Rcd1 Raa8 24. Bd3 Red8 25. Be4 Rxd6 26.
Rxd6 (26. cxd6 Bf8 27. Bxb7 Rd8 28. d7 Bxb4 $11) 26... Ra2 27. Bd3 Bf8 (27...
Nf6 $5 28. Rb6 Rd2 29. Bb5 Nd5 30. Rxb7 Nxb4 $11) 28. Rb6 (28. Rd7 Rb2 $1 29.
Rxb7 Bxc5 $11) 28... Rd2 29. Bb5 Rb2 30. Bd3 (30. Rxb7 Rxb4 31. c6 Bd6 32. Rd7
Rxb5 33. Rxd6 Rc5 $11) 30... Rd2 31. Bb5 1/2-1/2

[Event "USA-ch"]
[Site "Seattle"]
[Date "2003.01.16"]
[Round "7"]
[White "Seirawan, Yasser"]
[Black "Nakamura, Hikaru"]
[Result "1/2-1/2"]
[WhiteElo "2636"]
[BlackElo "2520"]
[Annotator "Krasenkow,M"]
[PlyCount "126"]
[EventDate "2003.01.09"]
[EventType "swiss"]
[EventRounds "9"]
[EventCountry "USA"]
[SourceTitle "CBM 093"]
[Source "ChessBase"]
[SourceDate "2003.04.01"]
[SourceVersion "1"]
[SourceVersionDate "2003.04.01"]
[SourceQuality "1"]

1. d4 Nf6 2. c4 g6 3. Nc3 d5 4. Bf4 Bg7 5. e3 c5 6. dxc5 Qa5 7. Rc1 Ne4 8. cxd5
Nxc3 9. Qd2 Qxa2 10. Rxc3 $5 {A curious exchange sacrifice completely changing
the character of the position.} (10. bxc3 {-see Agdestein-Thiel in this issue.}
) 10... O-O (10... Bxc3 11. Qxc3 Qa1+ (11... f6 12. Bb5+ $1 Bd7 13. Bc4 Qb1+
14. Ke2 $44 {Stoica,V}) 12. Kd2 O-O 13. Bh6 f6 14. Nf3 Rf7 15. Rg1 Qa4 16. Bc4
Na6 17. d6 e6 18. Bxa6 Qxa6 19. e4 $44 {1-0 Cherepkov,A-Zdrojewski,W/Leningrad
1990/EXT 97 (44)}) 11. Bc4 Qa1+ (11... Qa5 $5 12. Rc2 Qxc5 13. d6 Qf5 14. dxe7
Re8 15. Ne2 Nc6 16. Ng3 Qf6 $11 {0-1 Dreev,A-Sutovsky,E/Internet Chess Club
blitz 2002/EXT 2003 (37)}) 12. Rc1 Qxb2 13. e4 (13. Qxb2 Bxb2 14. Rc2 Ba3 15.
Be2 (15. Bd3 Nd7 16. c6 Nc5 $15) 15... Bf5 16. Rc4 Rc8 17. e4 Bd7 18. Be3 Bb5
19. Rc2 Bb4+ 20. Kf1 Bxe2+ 21. Kxe2 $6 (21. Nxe2 Nd7 22. c6 bxc6 23. dxc6 Ne5
24. Nd4 $11 {Stoica,V}) 21... Nd7 $15 {Nutu_Gajic,D-Peptan,C/Timisoara 1993}) (
13. Nf3 $5 a5 14. Nd4 Qxd2+ 15. Kxd2 Na6 16. Bxa6 Rxa6 17. Bc7 a4 18. Rc3 Bf5
19. f3 Rc8 20. Bb6 Bd7 21. Ra3 Be5 22. Rc1 e6 $13 {0-1 Piket,J-Svidler,P/
Eurotel Trophy rapid 2002 (36)}) 13... a5 {This pawn fails to come where it
aims.} (13... Qa3 $5) 14. Ne2 a4 15. Rc2 Qa1+ (15... Qa3 16. d6 {is now quite
late.}) 16. Rc1 Qb2 17. Rc2 Qa1+ 18. Nc1 Na6 19. Be3 Qb1 20. Ba2 Qb4 21. f3
Qxd2+ 22. Kxd2 Nb4 23. Rc4 Nxa2 24. Nxa2 e6 25. d6 Bb2 $6 {Now the exchange
sac leads to a pleasant endgame for White.} (25... Bd7 $142 26. Rb1 Bc6) 26.
Rb1 a3 27. Rb4 e5 28. R4xb2 axb2 29. Rxb2 $14 {[%csl Gd6,Rf6]} Bd7 30. Nb4 Bc6
31. Nxc6 bxc6 32. Rb6 Rac8 (32... Rfc8 33. Bg5 Ra7 34. Bf6) 33. Bh6 Rfd8 34.
Bg5 Rd7 35. Bf6 Kf8 36. Bxe5 Ke8 37. Ke3 Ra7 38. Kf4 Kd7 39. Kg5 Ke6 40. Bd4
h6+ $1 (40... Ra2 $2 41. Rb7 Rxg2+ 42. Kh6 Re8 43. Kg7 $18) 41. Kf4 (41. Kxh6
f6 $1 42. Kxg6 Rg8+ 43. Kh6 Rh8+ $11) 41... Ra4 42. Ke3 Ra3+ 43. Ke2 Ra2+ 44.
Kd3 Ra3+ 45. Bc3 Ra7 46. g4 f5 47. gxf5+ gxf5 48. Kd4 Ra4+ 49. Bb4 fxe4 50.
Kxe4 {[%csl Gf3]} Rf8 51. f4 h5 (51... Ra2 52. Rb7) 52. h4 $6 (52. Rb7 Rf7 53.
Rb8 $14) 52... Re8 ({Black could have created strong counterplay by} 52... Rg8
$1 53. Rb7 Rg3 $1 ({but not} 53... Rg4 $2 54. Kd3)) 53. Kd4 (53. Rb7 $1 {
,followed by Kd3, was a better chance. White should activate his rook and get
rid of the pin.}) 53... Rf8 54. Ke4 Re8 (54... Rg8 $1) 55. Kd4 (55. Rb7 $1)
55... Rg8 $6 {Both players were probably under time pressure. Black evades the
repetition of moves trying to fish in troubled waters.} 56. Kc4 Rc8 $6 (56...
Rg4) 57. Rb7 {White has got the desired arrangement.} Ra2 58. Re7+ Kf5 59. Kb3
Ra1 60. Kb2 Ra4 61. Kb3 Ra1 62. Kb2 $6 (62. Bc3 $14 {and White could continue
playing for a win.}) 62... Ra4 63. Kb3 Ra1 1/2-1/2